000 00469cam a2200181ua 4500
020 _c24.50
041 _aeng
_h
082 _a515.8
_bPIE/LE
100 _aPierpont, James .
245 _aLectures on the theory of functions of real variables /
_cJames Pierpont.
_hTextual Documents
250 _a1 /
_b.
260 _aNew York :
_bDover Publications ,
_c1912.
300 _a637 ; .
365 _a24.50
504 _a
942 _cBK
999 _c5685
_d5685